| 000 | 00421cam a2200181 4500 | ||
|---|---|---|---|
| 001 | D14479 | ||
| 008 | 090401t1949 xxu||||| |||| 00| 0 eng d | ||
| 035 | _a(Sirsi) u15965 | ||
| 041 | _aeng | ||
| 100 | _aWillis, Arthur | ||
| 245 | 3 | _aAn example of quantity surveying | |
| 250 | _a3rd | ||
| 260 |
_aLondon _bCrosby Lockwood and Son _c1949 |
||
| 350 | _a0 | ||
| 520 | _aShelf 136 | ||
| 942 | _n0 | ||
| 948 | _c04/03/1997 | ||
| 999 |
_c87331 _d87331 |
||